000
00211 a2200097 4500
001
50975
100
_a
Kapur Rajiv A
245
_a
Sikh Separatism
260
_a
London
_b
Allen & Unwin
_c
090
_c
32275
_d
32275
942
_a
NUST-CAE
_c
M
_c
24753
999
_c
286048
_d
286048